| 000 | 00401nam a2200169Ia 4500 | ||
|---|---|---|---|
| 003 | 0STCL | ||
| 008 | 150530s9999 xx 000 0 und d | ||
| 040 |
_aSTCL _cSTCL |
||
| 100 | _aGyan Asthana | ||
| 245 | _aHindi Upanyassam Mem Gram Sama Syayem | ||
| 260 |
_bJawahar Pustakalay :Mathura _c1979 |
||
| 300 | _a0 | ||
| 546 | _aHindi | ||
| 942 |
_2ddc _cBK |
||
| 999 |
_c65560 _d65560 |
||
| 005 | 20220125171309.0 | ||